<?xml version="1.0" encoding="UTF-8"?><?xml-stylesheet type="text/xsl" href="static/style.xsl"?><OAI-PMH xmlns="http://www.openarchives.org/OAI/2.0/" xmlns:xsi="http://www.w3.org/2001/XMLSchema-instance" xsi:schemaLocation="http://www.openarchives.org/OAI/2.0/ http://www.openarchives.org/OAI/2.0/OAI-PMH.xsd"><responseDate>2026-04-13T00:12:44Z</responseDate><request verb="GetRecord" identifier="oai:www.recercat.cat:10256/22087" metadataPrefix="marc">https://recercat.cat/oai/request</request><GetRecord><record><header><identifier>oai:recercat.cat:10256/22087</identifier><datestamp>2025-02-28T00:50:13Z</datestamp><setSpec>com_2072_453051</setSpec><setSpec>com_2072_2054</setSpec><setSpec>col_2072_453058</setSpec></header><metadata><record xmlns="http://www.loc.gov/MARC21/slim" xmlns:dcterms="http://purl.org/dc/terms/" xmlns:xsi="http://www.w3.org/2001/XMLSchema-instance" xmlns:doc="http://www.lyncode.com/xoai" xsi:schemaLocation="http://www.loc.gov/MARC21/slim http://www.loc.gov/standards/marcxml/schema/MARC21slim.xsd">
   <leader>00925njm 22002777a 4500</leader>
   <datafield ind2=" " ind1=" " tag="042">
      <subfield code="a">dc</subfield>
   </datafield>
   <datafield ind2=" " ind1=" " tag="720">
      <subfield code="a">Planas Lladó, Anna</subfield>
      <subfield code="e">author</subfield>
   </datafield>
   <datafield ind2=" " ind1=" " tag="720">
      <subfield code="a">Montserrat Boada, Carme</subfield>
      <subfield code="e">author</subfield>
   </datafield>
   <datafield ind2=" " ind1=" " tag="720">
      <subfield code="a">Trull-Oliva, Carme</subfield>
      <subfield code="e">author</subfield>
   </datafield>
   <datafield ind2=" " ind1=" " tag="720">
      <subfield code="a">Puyalto, Carol</subfield>
      <subfield code="e">author</subfield>
   </datafield>
   <datafield ind2=" " ind1=" " tag="720">
      <subfield code="a">Martí, Carolina</subfield>
      <subfield code="e">author</subfield>
   </datafield>
   <datafield ind2=" " ind1=" " tag="720">
      <subfield code="a">Crous Parcerisas, Gemma</subfield>
      <subfield code="e">author</subfield>
   </datafield>
   <datafield ind2=" " ind1=" " tag="720">
      <subfield code="a">Fullana Noell, Judit</subfield>
      <subfield code="e">author</subfield>
   </datafield>
   <datafield ind2=" " ind1=" " tag="720">
      <subfield code="a">Gallart Mir, Judit</subfield>
      <subfield code="e">author</subfield>
   </datafield>
   <datafield ind2=" " ind1=" " tag="720">
      <subfield code="a">Corbella Molina, Laura</subfield>
      <subfield code="e">author</subfield>
   </datafield>
   <datafield ind2=" " ind1=" " tag="720">
      <subfield code="a">Pallisera, Maria</subfield>
      <subfield code="e">author</subfield>
   </datafield>
   <datafield ind2=" " ind1=" " tag="720">
      <subfield code="a">Vilà Suñé, Montserrat</subfield>
      <subfield code="e">author</subfield>
   </datafield>
   <datafield ind2=" " ind1=" " tag="260">
      <subfield code="c">2022-11-04</subfield>
   </datafield>
   <datafield ind2=" " ind1=" " tag="520">
      <subfield code="a">Projecte de recerca “Infants, joves i comunitats resilients: identificació i anàlisi de pràctiques socials i educatives des d’una perspectiva multidimensional i interseccional per a fer front a la pandèmia”, guanyador en la convocatòria PANDÈMIES 2020 de l’AGAUR de la Generalitat de Catalunya</subfield>
   </datafield>
   <datafield ind2=" " ind1=" " tag="520">
      <subfield code="a">El projecte de recerca “Infants, joves i comunitats resilients: identificació i anàlisi de pràctiques socials i educatives des d’una perspectiva multidimensional i interseccional per a fer front a la pandèmia” té com objectiu general identificar les ‘pràctiques resilients’ que han sorgit durant el període d’estat d’alarma declarat a l’Estat Espanyol (març 2020-maig 2021) i aportar mesures específiques d'avaluació i promoció de processos de resiliència comunitària en situacions d'adversitat. El projecte s‘ha centrat en la població d’infants i joves de cinc territoris concrets de Catalunya: Celrà, Districte de Ciutat Vella de Barcelona, Girona, Olot i Palafrugell, seleccionats atenent el criteri de diversitat socioeconòmica i urbana. El projecte s'ha desenvolupat en cinc fases metodològiques: (1) Anàlisi documental (2) Recull de dades quantitatives, amb mostra representativa d’infants (10-17 anys) i intencional amb joves (18-29 anys), (3) Recull de dades qualitatives amb entrevistes i grups de discussió, (4) Geolocalització de les dades, (5) Construcció d'un model d’identificació i anàlisi de pràctiques resilients (6) Disseminació. En aquest informe es presenten els resultats corresponents a la segona fase, la del recull d’una mostra representativa d’infants i adolescents entre 9 i 17 anys</subfield>
   </datafield>
   <datafield ind2=" " ind1=" " tag="520">
      <subfield code="a">Convocatòria PANDÈMIES 2020 de l’AGAUR de la Generalitat de Catalunya</subfield>
   </datafield>
   <datafield tag="653" ind2=" " ind1=" ">
      <subfield code="a">Pandèmia de COVID-19, 2020- -- Aspectes socials -- Catalunya -- S. XXI</subfield>
   </datafield>
   <datafield tag="653" ind2=" " ind1=" ">
      <subfield code="a">COVID-19 Pandemic, 2020- -- Social aspects -- Catalonia -- 21th century</subfield>
   </datafield>
   <datafield tag="653" ind2=" " ind1=" ">
      <subfield code="a">Joves -- Aspectes socials -- Catalunya -- S. XXI</subfield>
   </datafield>
   <datafield tag="653" ind2=" " ind1=" ">
      <subfield code="a">Youth -- Social aspects -- Catalonia -- 21th century</subfield>
   </datafield>
   <datafield tag="653" ind2=" " ind1=" ">
      <subfield code="a">Infants -- Aspectes socials -- Catalunya -- S. XXI</subfield>
   </datafield>
   <datafield tag="653" ind2=" " ind1=" ">
      <subfield code="a">Children -- Social aspects -- Catalonia -- 21th century</subfield>
   </datafield>
   <datafield tag="653" ind2=" " ind1=" ">
      <subfield code="a">Resiliència (Tret de la personalitat)</subfield>
   </datafield>
   <datafield tag="653" ind2=" " ind1=" ">
      <subfield code="a">Resilience (Personality trait)</subfield>
   </datafield>
   <datafield ind2="0" ind1="0" tag="245">
      <subfield code="a">Informe de resultats: anàlisi de les respostes d'infants i adolescents als qüestionaris [Projecte Infants, Joves i Comunitats resilients]</subfield>
   </datafield>
</record></metadata></record></GetRecord></OAI-PMH>